Hệ thống các văn bản quy phạm pháp luật hiện hành về thanh tra, kiểm tra trong lĩnh vực giáo dục

Nội dung sách bao gồm 5 phần: Các quy định chung về thanh tra. Các quy định về thanh tra trong lĩnh vực giáo dục. Các quy định về chống tham nhũng, tiêu cực trong thi cử và khắc phục bệnh thành tích trong giáo dục. Các quy định về thanh tra, kiểm tra t...

Ausführliche Beschreibung

Gespeichert in:
Bibliographische Detailangaben
Format: Buch
Sprache:Undetermined
Veröffentlicht: Hà Nội Lao động - Xã hội 2007
Schlagworte:
Tags: Tag hinzufügen
Keine Tags, Fügen Sie den ersten Tag hinzu!
Thư viện lưu trữ: Trung tâm Học liệu Trường Đại học Cần Thơ
LEADER 01127nam a2200205Ia 4500
001 CTU_121952
008 210402s9999 xx 000 0 und d
020 |c 190000 
082 |a 353.8 
082 |b H250 
245 0 |a Hệ thống các văn bản quy phạm pháp luật hiện hành về thanh tra, kiểm tra trong lĩnh vực giáo dục 
260 |a Hà Nội 
260 |b Lao động - Xã hội 
260 |c 2007 
520 |a Nội dung sách bao gồm 5 phần: Các quy định chung về thanh tra. Các quy định về thanh tra trong lĩnh vực giáo dục. Các quy định về chống tham nhũng, tiêu cực trong thi cử và khắc phục bệnh thành tích trong giáo dục. Các quy định về thanh tra, kiểm tra tài chính. Các quy định về xử phạt vi phạm hành chính. 
650 |a Education and state,Public administration,Developing countries 
650 |x Educational policy 
650 |z Vietnam,Vietnam 
904 |i Duy Bằng 
980 |a Trung tâm Học liệu Trường Đại học Cần Thơ